<?xml version="1.0" encoding="UTF-8"?>
<collection xmlns="http://www.loc.gov/MARC21/slim">
    <record>
        <controlfield tag="001">82516</controlfield>
        <controlfield tag="005">20190910135134.0</controlfield>
        <datafield tag="037" ind1=" " ind2=" ">
            <subfield code="a">GDOC-2018-29719</subfield>
        </datafield>
        <datafield tag="041" ind1=" " ind2=" ">
            <subfield code="a">spa</subfield>
        </datafield>
        <datafield tag="041" ind1=" " ind2=" ">
            <subfield code="a">eng</subfield>
        </datafield>
        <datafield tag="100" ind1=" " ind2=" ">
            <subfield code="0">(orcid)0000-0002-6003-0215</subfield>
            <subfield code="1">325968</subfield>
            <subfield code="a">JORGE AÍSA, ARENAZ</subfield>
        </datafield>
        <datafield tag="245" ind1="0" ind2="0">
            <subfield code="9">29719</subfield>
            <subfield code="a">Teoría de mecanismos y máquinas</subfield>
        </datafield>
        <datafield tag="242" ind1="0" ind2="0">
            <subfield code="9">29719</subfield>
            <subfield code="a">Mechanism and Machine Theory</subfield>
        </datafield>
        <datafield tag="260" ind1=" " ind2=" ">
            <subfield code="a">Zaragoza</subfield>
            <subfield code="b">Universidad de Zaragoza</subfield>
            <subfield code="c">2018-2019</subfield>
        </datafield>
        <datafield tag="521" ind1=" " ind2=" ">
            <subfield code="9">149</subfield>
            <subfield code="a">Graduado en Ingeniería Mecánica</subfield>
            <subfield code="b">Bachelor's Degree in Mechanical Engineering</subfield>
        </datafield>
        <datafield tag="540" ind1=" " ind2=" ">
            <subfield code="a">by-nc-sa</subfield>
            <subfield code="b">Creative Commons</subfield>
            <subfield code="c">3.0</subfield>
            <subfield code="u">http://creativecommons.org/licenses/by-nc-sa/3.0/</subfield>
        </datafield>
        <datafield tag="700" ind1=" " ind2=" ">
            <subfield code="0">''</subfield>
            <subfield code="1">329442</subfield>
            <subfield code="a">FRANCISCO JAVIER AZNAR, PELIGERO</subfield>
        </datafield>
        <datafield tag="700" ind1=" " ind2=" ">
            <subfield code="0">''</subfield>
            <subfield code="1">562342</subfield>
            <subfield code="a">VICTOR MANUEL CAMAÑES, VERA</subfield>
        </datafield>
        <datafield tag="700" ind1=" " ind2=" ">
            <subfield code="0">''</subfield>
            <subfield code="1">125478</subfield>
            <subfield code="a">FÉLIX ÁNGEL CASAS, FANLO</subfield>
        </datafield>
        <datafield tag="700" ind1=" " ind2=" ">
            <subfield code="0">(orcid)0000-0003-0475-9156</subfield>
            <subfield code="1">115922</subfield>
            <subfield code="a">DANIEL MERCADO, BARRAQUETA</subfield>
        </datafield>
        <datafield tag="700" ind1=" " ind2=" ">
            <subfield code="0">(orcid)0000-0002-2534-5019</subfield>
            <subfield code="1">117520</subfield>
            <subfield code="a">FRANCISCO SERRALLER, SÁNCHEZ</subfield>
        </datafield>
        <datafield tag="700" ind1=" " ind2=" ">
            <subfield code="0">''</subfield>
            <subfield code="1">471582</subfield>
            <subfield code="a">RAFAEL TOBAJAS, ALONSO</subfield>
        </datafield>
        <datafield tag="830" ind1=" " ind2=" ">
            <subfield code="9">434</subfield>
        </datafield>
        <datafield tag="856" ind1="4" ind2=" ">
            <subfield code="s">14154</subfield>
            <subfield code="u">http://zaguan.unizar.es/record/82516/files/guia-29719-es.pdf</subfield>
            <subfield code="y">Guía (idioma español)</subfield>
        </datafield>
        <datafield tag="856" ind1="4" ind2=" ">
            <subfield code="s">8453</subfield>
            <subfield code="u">http://zaguan.unizar.es/record/82516/files/guia-29719-en.pdf</subfield>
            <subfield code="y">Guide (english)</subfield>
        </datafield>
        <datafield tag="970" ind1=" " ind2=" ">
            <subfield code="a">GDOC-2018-29719</subfield>
        </datafield>
        <datafield tag="980" ind1=" " ind2=" ">
            <subfield code="a">GDOC</subfield>
            <subfield code="b">Engineering and Architecture</subfield>
            <subfield code="b">Ingeniería y Arquitectura</subfield>
            <subfield code="c">110</subfield>
        </datafield>
    </record>

    
</collection>